Güneydoğu ve yerel yönetimler sempozyumu, 26-27 Ekim 1994, Diyarbakır / (Kayıt no. 10200)

MARC ayrıntıları
000 -BAŞLIK
Sabit Uzunluktaki Kontrol Alanı 01180nam a22002417a 4500
003 - KONTROL NUMARASI KİMLİĞİ
Kontrol Alanı KOHA_MİRAKIL
005 - EN SON İŞLEM TARİHİ ve ZAMANI
Kontrol Alanı 20260413123943.0
008 - SABİT UZUNLUKTAKİ VERİ ÖGELERİ - GENEL BİLGİ
Sabit Alan 260413b tu ||||| |||| 00| 0 tur d
040 ## - KATALOGLAMA KAYNAĞI
Özgün Kataloglama Kurumu TR-AnABB
Kataloglama Dili tur
Çeviri Kurumu TR-AnABB
041 ## - DİL KODU
Metin ya da ses kaydının dil kodu tur
082 ## - DEWEY ONU SINIFLAMA SİSTEMİ
Sınıflama Numarası 352.0080609567
Cutter numarası GUN 1994
111 2# - TOPLANTI ADI
Toplantı Adı Güneydoğu ve yerel yönetimler sempozyumu
Toplantı Tarihi (1994 :
Toplantı Yeri Diyarbakır)
245 10 - ESER ADI BİLDİRİMİ
Başlık Güneydoğu ve yerel yönetimler sempozyumu, 26-27 Ekim 1994, Diyarbakır /
Sorumluluk Bildirimi Türk Belediyecilik Derneği
260 ## - YAYIN, DAĞITIM, VB.
Yayın Yeri Ankara :
Yayınevi Türk Belediyecilik Derneği,
Yayın Tarihi 1994
300 ## - FİZİKSEL TANIMLAMA
Sayfa, Cilt vb. 126 sayfa ;
Boyutları 20 cm
500 ## - GENEL NOT
Genel Not Birinci Oturum: Kentleşme Sorunları, Oturum Başkanı Prof. Dr. Ruşen Keleş<br/>Dördüncü Oturum: Genel Değerlendirme, Prof. Dr. Ruşen Keleş'in Konuşması
505 ## - İÇİNDEKİLER NOTU
İçindekiler Notu İçindekiler: Birinci Oturum: Kentleşme Sorunları - İkinci Oturum: Belediyelerin idari-mali ve sosyal sorunları - Üçüncü Oturum: Yerel yönetimler reformu - Dördüncü Oturum: Genel Değerlendirme
650 04 - KONU BAŞLIĞI EK GİRİŞ - KONU TERİMİ
Konusal terim veya coğrafi ad Yerel yönetimler
650 04 - KONU BAŞLIĞI EK GİRİŞ - KONU TERİMİ
Konusal terim veya coğrafi ad Yerel yönetimler, GAP
650 04 - KONU BAŞLIĞI EK GİRİŞ - KONU TERİMİ
Konusal terim veya coğrafi ad Yerel yönetimler, GAP
650 04 - KONU BAŞLIĞI EK GİRİŞ - KONU TERİMİ
Konusal terim veya coğrafi ad Yerel yönetimler, Türkiye
942 ## - EK GİRİŞ ÖGELERİ (KOHA)
Sınıflama Kaynağı Dewey Decimal Classification
Materyal Türü Kitap
900 ## - YEREL BİLGİ
Kontrol Can ÇELIK
111 2# - TOPLANTI ADI
-- 3374
Mevcut
Geri Çekilme Durumu Kayıp Durumu Sınıflandırma Kaynağı Kredi için değil Kalıcı Konum Mevcut Konum Kayıt Tarih Toplam Ödünçverme Yer Numarası Demirbaş Numarası Son Görülme Tarihi Fatura Tarihi Materyal Türü
    Dewey Decimal Classification   Prof. Dr. Ruşen Keleş Kütüphanesi Prof. Dr. Ruşen Keleş Kütüphanesi 13/04/2026   352.0080609567 GUN 1994 RK7018 13/04/2026 13/04/2026 Kitap